[Event "Bogota Students-ch (Women) 22th"]
[Site "Bogota"]
[Date "2013.11.04"]
[Round "3"]
[White "Orozco Lopez, Lina Yomayra"]
[Black "Ruiz, Melissa"]
[Result "1-0"]
[WhiteElo "2138"]
[BlackElo "1890"]
[PlyCount "65"]
[EventDate "2013.11.03"]
[EventType "swiss"]
[EventRounds "6"]
[EventCountry "COL"]
[SourceTitle "EXT 2014"]
[Source "ChessBase"]
[SourceDate "2013.11.20"]
[SourceVersion "1"]
[SourceVersionDate "2013.11.20"]
[SourceQuality "1"]

1. e4 e6 2. d4 d5 3. Nd2 c5 4. exd5 Qxd5 5. dxc5 Bxc5 6. Ngf3 Nf6 7. Bc4 Qd8 8. 0-0 0-0 9. Qe2 a6 10. Rd1 Qc7 11. h3 Nbd7 12. Ng5 Qe5 13. Nde4 Nxe4 14. Qxe4 Qxe4 15. Nxe4 Be7 16. Be3 b5 17. Bb3 Ne5 18. Bc5 Bxc5 19. Nxc5 Ra7 20. Rd6 a5 21. a4 Nc4 22. Rc6 Ne5 23. Rb6 bxa4 24. Rxa4 Rc7 25. Rxa5 Rxc5 26. Rxc5 Nd7 27. Rxc8 Rxc8 28. Rd6 Nc5 29. Bc4 Na4 30. b3 Nb2 31. Bb5 g6 32. c4 Rb8 33. Rd2 1-0

[Event "Medellin Flores op 19th"]
[Site "Medellin"]
[Date "2013.08.04"]
[Round "2"]
[White "Orozco Lopez, Lina Yomayra"]
[Black "Londono, Omar"]
[Result "1-0"]
[WhiteElo "2141"]
[BlackElo "2021"]
[PlyCount "43"]
[EventDate "2013.08.03"]
[EventType "swiss"]
[EventRounds "9"]
[EventCountry "COL"]
[SourceTitle "CBM 155 Extra"]
[Source "ChessBase"]
[SourceDate "2013.08.26"]
[SourceVersion "1"]
[SourceVersionDate "2013.08.26"]
[SourceQuality "1"]

1. e4 c5 2. Nf3 d6 3. d4 cxd4 4. Qxd4 Bd7 5. c4 Nc6 6. Qd2 e6 7. Nc3 a6 8. b3 Nf6 9. Be2 Be7 10. 0-0 0-0 11. Ba3 Ne8 12. Rad1 Qa5 13. Qb2 Rd8 14. b4 Qc7 15. b5 Na5 16. Qb4 Rc8 17. b6 Nc6 18. bxc7 Nxb4 19. Bxb4 Rxc7 20. e5 Rc6 21. exd6 Bd8 22. Ne5 1-0

[Event "COL-ch (Women)"]
[Site "Ibague"]
[Date "2013.07.03"]
[Round "5"]
[White "Chirivi Castiblanco, Angie Lizeth"]
[Black "Orozco Lopez, Lina Yomayra"]
[Result "1/2-1/2"]
[WhiteElo "2032"]
[BlackElo "2152"]
[PlyCount "142"]
[EventDate "2013.07.01"]
[EventType "swiss"]
[EventRounds "9"]
[EventCountry "COL"]
[SourceTitle "EXT 2014"]
[Source "ChessBase"]
[SourceDate "2013.11.20"]
[SourceVersion "1"]
[SourceVersionDate "2013.11.20"]
[SourceQuality "1"]

1. e4 c5 2. Nf3 d6 3. d4 cxd4 4. Nxd4 Nf6 5. Nc3 a6 6. Bc4 e6 7. 0-0 Be7 8. Bb3 Qc7 9. Kh1 Nc6 10. f4 Bd7 11. Nf3 Na5 12. e5 Ng8 13. f5 Nxb3 14. fxe6 Bxe6 15. exd6 Bxd6 16. cxb3 0-0-0 17. Qe2 Nf6 18. Bg5 Kb8 19. Ne4 Nxe4 20. Qxe4 Rc8 21. Rac1 Qb6 22. Bf4 Bxf4 23. Qxf4+ Ka7 24. Ng5 Bd5 25. Qf5 Rxc1 26. Rxc1 Qe3 27. Rf1 Qe2 28. Rg1 Rd8 29. Nxf7 Bxf7 30. Qxf7 Qxb2 31. Qc7 Qd4 32. h3 Rd7 33. Qc2 g5 34. Qf5 h6 35. Rf1 Rd5 36. Qf2 Qxf2 37. Rxf2 h5 38. Kh2 h4 39. g3 Kb6 40. gxh4 gxh4 41. Kg2 Rg5+ 42. Kh2 Rc5 43. Kg2 Kb5 44. a4+ Kb4 45. Rf4+ Kxb3 46. Rxh4 b5 47. axb5 axb5 48. Rg4 b4 49. h4 Ka3 50. Rg5 Rc2+ 51. Kg3 b3 52. Ra5+ Kb4 53. Ra8 Rc5 54. Rb8+ Rb5 55. Rf8 b2 56. Rf1 Kc3 57. Kg4 b1Q 58. Rxb1 Rxb1 59. Kf5 Kd4 60. h5 Rh1 61. Kg6 Ke5 62. h6 Ke6 63. Kg7 Rg1+ 64. Kf8 Rf1+ 65. Kg8 Rg1+ 66. Kf8 Rf1+ 67. Kg8 Ke7 68. h7 Rg1+ 69. Kh8 Rh1 70. Kg7 Rg1+ 71. Kh8 Kf7 1/2-1/2

[Event "COL-ch (Women)"]
[Site "Ibague"]
[Date "2013.07.02"]
[Round "2"]
[White "Orozco Lopez, Lina Yomayra"]
[Black "Dominguez, Laura Lucia"]
[Result "0-1"]
[WhiteElo "2152"]
[BlackElo "1944"]
[PlyCount "84"]
[EventDate "2013.07.01"]
[EventType "swiss"]
[EventRounds "9"]
[EventCountry "COL"]
[SourceTitle "EXT 2014"]
[Source "ChessBase"]
[SourceDate "2013.11.20"]
[SourceVersion "1"]
[SourceVersionDate "2013.11.20"]
[SourceQuality "1"]

1. e4 c5 2. Nf3 g6 3. d4 cxd4 4. Nxd4 Nc6 5. Nc3 Bg7 6. Nde2 Nf6 7. a4 h5 8. h4 Ng4 9. Nf4 Qb6 10. Nh3 0-0 11. Be2 d6 12. 0-0 Nd4 13. Nd5 Nxe2+ 14. Qxe2 Qd8 15. Bg5 Nf6 16. Nhf4 Bd7 17. Rfe1 Bc6 18. c4 Re8 19. Bxf6 exf6 20. Qc2 Rc8 21. Rad1 Qd7 22. b3 Qg4 23. Re3 Qxh4 24. Rh3 Qg5 25. Rg3 Qh6 26. Qd3 Re5 27. Qd4 Rce8 28. Re3 f5 29. Qxa7 fxe4 30. Nc7 Qxf4 31. Nxe8 Rxe8 32. b4 Be5 33. g3 Qg4 34. Rde1 h4 35. Kg2 hxg3 36. fxg3 Bxg3 37. Rg1 Bf4+ 38. Kf1 Bxe3 39. Qxe3 Qd1+ 40. Kf2 Qc2+ 41. Ke1 Bxa4 42. Qd4 e3 0-1

[Event "Pamplona IRT rap op (Women)"]
[Site "Pamplona"]
[Date "2012.11.10"]
[Round "10"]
[White "Orozco Lopez, Lina Yomayra"]
[Black "Mateus, Martha"]
[Result "1-0"]
[WhiteElo "2167"]
[BlackElo "2116"]
[PlyCount "81"]
[EventDate "2012.11.09"]
[EventType "swiss"]
[EventRounds "11"]
[EventCountry "COL"]
[SourceTitle "CBM 151 Extra"]
[Source "ChessBase"]
[SourceDate "2012.12.18"]
[SourceVersion "1"]
[SourceVersionDate "2012.12.18"]
[SourceQuality "1"]

1. e4 c5 2. Nf3 d6 3. d4 cxd4 4. Nxd4 Nf6 5. Nc3 a6 6. h3 e6 7. g4 d5 8. exd5 Nxd5 9. Bd2 Bb4 10. Bg2 Bxc3 11. bxc3 Qc7 12. 0-0 Nf4 13. Bxf4 Qxf4 14. Rb1 Qc7 15. Nf5 exf5 16. Re1+ Kf8 17. Bxb7 g6 18. Bxa8 Kg7 19. Qd4+ f6 20. g5 Rf8 21. Qb4 Nc6 22. Bxc6 Qxc6 23. Qe7+ Rf7 24. gxf6+ Qxf6 25. Qxf6+ Kxf6 26. Rb6+ Kg5 27. Re8 Bb7 28. Rb8 Bf3 29. Rxa6 Rd7 30. Rb1 Kh4 31. Kh2 Rd2 32. Ra4+ Kg5 33. Kg3 Be4 34. h4+ Kf6 35. Rb6+ Ke5 36. Ra5+ Rd5 37. Rxd5+ Kxd5 38. Rb7 Kc4 39. Rc7+ Kb5 40. Rxh7 Bxc2 41. Kf4 1-0

[Event "Pamplona Sub zt 2.3 (Women)"]
[Site "Pamplona"]
[Date "2012.11.07"]
[Round "5"]
[White "Orozco Lopez, Lina Yomayra"]
[Black "Mateus, Martha"]
[Result "0-1"]
[WhiteElo "2157"]
[BlackElo "2130"]
[PlyCount "100"]
[EventDate "2012.11.05"]
[EventType "swiss"]
[EventRounds "9"]
[EventCountry "COL"]
[SourceTitle "EXT 2013"]
[Source "ChessBase"]
[SourceDate "2012.11.22"]
[SourceVersion "1"]
[SourceVersionDate "2012.11.22"]
[SourceQuality "1"]

1. e4 c5 2. Nf3 a6 3. Nc3 d6 4. d4 cxd4 5. Nxd4 Nf6 6. h3 e6 7. g4 d5 8. exd5 Nxd5 9. Bd2 Bb4 10. Bg2 Bxc3 11. bxc3 Qc7 12. 0-0 Nf4 13. Bxf4 Qxf4 14. Rb1 Qc7 15. Qd3 0-0 16. Be4 g6 17. Qf3 Ra7 18. g5 Nd7 19. Qe3 Nc5 20. Bg2 Bd7 21. h4 b6 22. f4 Na4 23. Rb3 Rc8 24. Rf3 Qc5 25. h5 Re8 26. hxg6 fxg6 27. Qe5 Rc7 28. Re3 Qxe5 29. fxe5 b5 30. Bh3 Bc8 31. Kf2 Rc5 32. Ke1 Nb6 33. Bf1 Nd7 34. c4 bxc4 35. Rbc3 Nxe5 36. Bh3 Kf7 37. Re4 Kg7 38. Rce3 Nf7 39. Bxe6 Nxg5 40. Bxc8 Rxe4 41. Rxe4 Nxe4 42. Ne6+ Kf6 43. Nxc5 Nxc5 44. Kd2 Ke5 45. Kc3 Kd5 46. Bh3 h5 47. Bg2+ Ne4+ 48. Kb4 Kd4 49. Ka5 Nc5 50. Kb6 c3 0-1

[Event "Pamplona Sub zt 2.3 (Women)"]
[Site "Pamplona"]
[Date "2012.11.05"]
[Round "1"]
[White "Orozco Lopez, Lina Yomayra"]
[Black "Tobar, Zuleima"]
[Result "1-0"]
[WhiteElo "2157"]
[BlackElo "1849"]
[PlyCount "43"]
[EventDate "2012.11.05"]
[EventType "swiss"]
[EventRounds "9"]
[EventCountry "COL"]
[SourceTitle "EXT 2013"]
[Source "ChessBase"]
[SourceDate "2012.11.22"]
[SourceVersion "1"]
[SourceVersionDate "2012.11.22"]
[SourceQuality "1"]

1. e4 d6 2. d4 Nf6 3. Nc3 g6 4. Bg5 c6 5. a4 Bg7 6. Qd2 Qa5 7. f4 c5 8. Bxf6 exf6 9. dxc5 dxc5 10. Bb5+ Bd7 11. Qd5 Qc7 12. 0-0-0 Qxf4+ 13. Kb1 Qc7 14. Bxd7+ Qxd7 15. Qxc5 Qc6 16. Qa3 Nd7 17. Nf3 0-0-0 18. Rd6 Qc5 19. Rxd7 Qxa3 20. Rxd8+ Rxd8 21. bxa3 f5 22. e5 1-0

[Event "Bogota op 10"]
[Site "Bogota"]
[Date "2012.10.14"]
[Round "4"]
[White "Benavides Moncayo, Olga"]
[Black "Orozco Lopez, Lina Yomayra"]
[Result "0-1"]
[WhiteElo "1899"]
[BlackElo "2157"]
[PlyCount "75"]
[EventDate "2012.10.11"]
[EventType "swiss"]
[EventRounds "9"]
[EventCountry "COL"]
[SourceTitle "EXT 2013"]
[Source "ChessBase"]
[SourceDate "2012.11.22"]
[SourceVersion "1"]
[SourceVersionDate "2012.11.22"]
[SourceQuality "1"]

1. e4 c5 2. c3 d5 3. exd5 Qxd5 4. d4 Nf6 5. Nf3 Bg4 6. Be2 e6 7. Be3 cxd4 8. cxd4 Nc6 9. Nc3 Bb4 10. 0-0 Qd8 11. Rc1 0-0 12. Re1 Rc8 13. Ne5 Bxe2 14. Rxe2 Nxe5 15. dxe5 Bxc3 16. bxc3 Qxd1+ 17. Rxd1 Nd5 18. Rc1 Nxe3 19. Rxe3 b5 20. f4 Rc4 21. Rb1 a6 22. g3 Ra4 23. Re2 Rc8 24. Rb3 h5 25. Kg2 Rac4 26. Re3 Ra4 27. Re2 Kh7 28. Rd2 Kg6 29. Kf3 Kf5 30. h3 g5 31. g4+ hxg4+ 32. hxg4+ Kg6 33. f5+ exf5 34. Rd6+ Kg7 35. gxf5 Rf4+ 36. Ke3 Rxf5 37. Ke4 Rf4+ 38. Kd5 0-1

[Event "Bogota op 10"]
[Site "Bogota"]
[Date "2012.10.12"]
[Round "2"]
[White "Obando Guzman, Soren Federico"]
[Black "Orozco Lopez, Lina Yomayra"]
[Result "0-1"]
[WhiteElo "1801"]
[BlackElo "2157"]
[PlyCount "88"]
[EventDate "2012.10.11"]
[EventType "swiss"]
[EventRounds "9"]
[EventCountry "COL"]
[SourceTitle "EXT 2013"]
[Source "ChessBase"]
[SourceDate "2012.11.22"]
[SourceVersion "1"]
[SourceVersionDate "2012.11.22"]
[SourceQuality "1"]

1. e4 c5 2. Nf3 d6 3. d4 cxd4 4. Nxd4 Nf6 5. Nc3 a6 6. f4 e6 7. Qf3 Qc7 8. Be3 Nbd7 9. g4 Nc5 10. 0-0-0 e5 11. Nf5 h5 12. gxh5 Ncxe4 13. Nxg7+ Bxg7 14. Nxe4 Nxe4 15. Qxe4 Rxh5 16. Qd5 Bf5 17. Bd3 Rc8 18. Bxf5 Rxf5 19. Qe4 Rh5 20. Rd2 Qc6 21. Qxc6+ Rxc6 22. fxe5 Bxe5 23. Rf2 Rc4 24. Re2 Rh3 25. Kd2 Kd7 26. c3 Ra4 27. a3 Re4 28. Bg1 Rxe2+ 29. Kxe2 Ke6 30. Kd2 Kd5 31. Bb6 f5 32. Rf1 Rxh2+ 33. Rf2 Rh1 34. Rxf5 Kc6 35. Be3 b5 36. Kc2 a5 37. Rf8 Rh2+ 38. Rf2 Rh3 39. Kd2 Kd5 40. Bb6 Kc4 41. Bxa5 Kb3 42. Bb4 Kxb2 43. Kd1+ Kb3 44. Rc2 Rh1+ 0-1

[Event "Latin Cup-A 3rd"]
[Site "Cali"]
[Date "2012.10.06"]
[Round "5"]
[White "Pazos Gambarrotti, Plinio Efrain"]
[Black "Orozco Lopez, Lina Yomayra"]
[Result "1-0"]
[WhiteElo "2271"]
[BlackElo "2157"]
[PlyCount "133"]
[EventDate "2012.10.04"]
[EventType "swiss"]
[EventRounds "9"]
[EventCountry "COL"]
[SourceTitle "CBM 150 Extra"]
[Source "ChessBase"]
[SourceDate "2012.10.19"]
[SourceVersion "1"]
[SourceVersionDate "2012.10.19"]
[SourceQuality "1"]

1. e4 c5 2. c3 d5 3. exd5 Qxd5 4. d4 Nf6 5. Nf3 Bg4 6. Be2 e6 7. 0-0 Nc6 8. Na3 Rc8 9. Nc2 cxd4 10. Ncxd4 Bc5 11. Be3 0-0 12. h3 Bxd4 13. Nxd4 Bxe2 14. Qxe2 Ne7 15. Rfd1 Qa5 16. Nb3 Qc7 17. Bd4 Nfd5 18. Be5 Qc4 19. Qxc4 Rxc4 20. Na5 Re4 21. Bd6 b6 22. c4 bxa5 23. cxd5 exd5 24. Rac1 Re8 25. Bxe7 R4xe7 26. Rxd5 a4 27. Ra5 Re1+ 28. Rxe1 Rxe1+ 29. Kh2 Rb1 30. Rxa7 h5 31. Rxa4 Rxb2 32. Kg3 g6 33. h4 Kg7 34. Ra6 Rc2 35. a4 Rc3+ 36. f3 Ra3 37. Kf4 Ra2 38. g3 Ra1 39. Ra8 Ra2 40. g4 hxg4 41. fxg4 Rf2+ 42. Kg3 Ra2 43. Ra5 Ra3+ 44. Kf4 Ra1 45. h5 Rf1+ 46. Kg3 Rg1+ 47. Kf3 Rf1+ 48. Kg2 Ra1 49. hxg6 Kxg6 50. Kf3 Rf1+ 51. Ke4 Re1+ 52. Kd3 f6 53. Ra8 Kg5 54. Rg8+ Kf4 55. Rg6 f5 56. gxf5 Kxf5 57. Rh6 Ke5 58. Kc4 Ra1 59. a5 Rc1+ 60. Kb5 Kd5 61. Kb6 Rb1+ 62. Kc7 Rc1+ 63. Kb7 Rg1 64. a6 Rg7+ 65. Kb6 Rg1 66. a7 Rb1+ 67. Kc7 1-0

[Event "Latin Cup-A 3rd"]
[Site "Cali"]
[Date "2012.10.05"]
[Round "2"]
[White "Lopez Hernandez, Carlos Manuel"]
[Black "Orozco Lopez, Lina Yomayra"]
[Result "1-0"]
[WhiteElo "2301"]
[BlackElo "2157"]
[PlyCount "61"]
[EventDate "2012.10.04"]
[EventType "swiss"]
[EventRounds "9"]
[EventCountry "COL"]
[SourceTitle "CBM 150 Extra"]
[Source "ChessBase"]
[SourceDate "2012.10.19"]
[SourceVersion "1"]
[SourceVersionDate "2012.10.19"]
[SourceQuality "1"]

1. Nf3 c5 2. c4 Nf6 3. Nc3 d5 4. cxd5 Nxd5 5. d4 cxd4 6. Qxd4 Nxc3 7. Qxc3 Nc6 8. e4 Bd7 9. Be2 e5 10. 0-0 Bb4 11. Qb3 Qe7 12. Bg5 f6 13. Be3 Be6 14. Bc4 Na5 15. Qa4+ Bd7 16. Bb5 Nc6 17. Rfd1 Bd6 18. Rd2 a6 19. Rad1 Rd8 20. Rxd6 axb5 21. Qxb5 Nd4 22. Qb6 Bg4 23. Qxd8+ Qxd8 24. Rxd8+ Kxd8 25. Bxd4 exd4 26. Rxd4+ Kc7 27. Rc4+ Kb6 28. Nd4 Rd8 29. f3 Bh5 30. Rb4+ Kc5 31. Ne6+ 1-0

[Event "Wch U20 Girls 30th"]
[Site "Athens"]
[Date "2012.08.15"]
[Round "13"]
[White "Orozco Lopez, Lina Yomayra"]
[Black "Manelidou, Maria"]
[Result "1/2-1/2"]
[WhiteElo "2150"]
[BlackElo "2056"]
[PlyCount "62"]
[EventDate "2012.08.02"]
[EventType "swiss"]
[EventRounds "13"]
[EventCountry "GRE"]
[SourceTitle "CBM 149 Extra"]
[Source "ChessBase"]
[SourceDate "2012.08.24"]
[SourceVersion "1"]
[SourceVersionDate "2012.08.24"]
[SourceQuality "1"]

1. e4 e5 2. Nf3 Nc6 3. Bb5 a6 4. Ba4 d6 5. 0-0 Bd7 6. c3 g6 7. d4 Bg7 8. Re1 Nge7 9. d5 Nb8 10. c4 Bxa4 11. Qxa4+ Nd7 12. b4 0-0 13. Bb2 h6 14. Nbd2 b6 15. Qd1 f5 16. Nb3 Nf6 17. Nfd2 fxe4 18. Nxe4 Qd7 19. Nxf6+ Rxf6 20. c5 Qb5 21. Re4 bxc5 22. bxc5 Qb7 23. f4 Qxd5 24. Qxd5+ Nxd5 25. fxe5 Rf4 26. Re2 dxe5 27. Bxe5 Re8 28. Rae1 Rxe5 29. Rxe5 Bxe5 30. Rxe5 Nc3 31. g3 Ra4 1/2-1/2

[Event "Wch U20 Girls 30th"]
[Site "Athens"]
[Date "2012.08.11"]
[Round "9"]
[White "Orozco Lopez, Lina Yomayra"]
[Black "Serefidou, Despina"]
[Result "1/2-1/2"]
[WhiteElo "2150"]
[BlackElo "1865"]
[PlyCount "92"]
[EventDate "2012.08.02"]
[EventType "swiss"]
[EventRounds "13"]
[EventCountry "GRE"]
[SourceTitle "CBM 149 Extra"]
[Source "ChessBase"]
[SourceDate "2012.08.24"]
[SourceVersion "1"]
[SourceVersionDate "2012.08.24"]
[SourceQuality "1"]

1. e4 e5 2. Nf3 Nc6 3. Bb5 a6 4. Ba4 Nf6 5. 0-0 Be7 6. Re1 b5 7. Bb3 d6 8. h3 0-0 9. c3 Bb7 10. d4 Re8 11. Ng5 Rf8 12. Nf3 Re8 13. Nbd2 Bf8 14. Bc2 h6 15. d5 Nb8 16. a4 c6 17. dxc6 Nxc6 18. axb5 axb5 19. Rxa8 Qxa8 20. Nf1 g6 21. g4 Qc8 22. Ng3 Nd7 23. Bb3 Na5 24. Ba2 Nc4 25. b3 Ncb6 26. Qd3 Qc6 27. Nd2 d5 28. f3 Nc5 29. Qc2 Ne6 30. exd5 Nxd5 31. Nde4 Nef4 32. Kh2 Nb4 33. Qb1 Nxa2 34. Qxa2 Nd3 35. Rd1 Nxc1 36. Rxc1 Rd8 37. Qe2 Bg7 38. h4 Qd5 39. c4 bxc4 40. bxc4 Qd4 41. c5 Bxe4 42. fxe4 Rc8 43. c6 Qa4 44. c7 Qd7 45. Qc4 Bf8 46. h5 Kg7 1/2-1/2

[Event "Wch U20 Girls 30th"]
[Site "Athens"]
[Date "2012.08.07"]
[Round "6"]
[White "Orozco Lopez, Lina Yomayra"]
[Black "Schut, Lisa"]
[Result "0-1"]
[WhiteElo "2150"]
[BlackElo "2305"]
[PlyCount "116"]
[EventDate "2012.08.02"]
[EventType "swiss"]
[EventRounds "13"]
[EventCountry "GRE"]
[SourceTitle "CBM 149 Extra"]
[Source "ChessBase"]
[SourceDate "2012.08.24"]
[SourceVersion "1"]
[SourceVersionDate "2012.08.24"]
[SourceQuality "1"]

1. e4 e6 2. d4 d5 3. Nd2 c5 4. Ngf3 cxd4 5. Nxd4 Nc6 6. Bb5 Bd7 7. N4b3 Nf6 8. exd5 Nxd5 9. 0-0 Be7 10. c3 0-0 11. Ne4 Ne5 12. Be2 Qc7 13. Bg5 f6 14. Bh4 Nf4 15. Bg3 Nxe2+ 16. Qxe2 Qc4 17. Qxc4 Nxc4 18. Nec5 Bc8 19. Rfe1 e5 20. f4 b6 21. Nd3 Bf5 22. Nf2 Bd6 23. fxe5 fxe5 24. Re2 Rad8 25. Rae1 Bb8 26. Nc1 Rfe8 27. b3 Na3 28. Bxe5 Nc2 29. Bxb8 Nxe1 30. Bxa7 Rxe2 31. Nxe2 Rd6 32. Nd4 Bb1 33. Kf1 Nc2 34. Nxc2 Bxc2 35. Ke2 b5 36. Bc5 Ra6 37. b4 Rxa2 38. Ke3 Bb3 39. g3 Kf7 40. h4 Ke6 41. Ne4 Kd5 42. Bd4 Bc4 43. Ng5 h6 44. Nh3 Re2+ 45. Kf3 Re7 46. Nf4+ Kc6 47. Ng6 Rf7+ 48. Ke4 Bd5+ 49. Ke5 Bb3 50. g4 Bc2 51. h5 Bxg6 52. hxg6 Rf6 53. Be3 Rxg6 54. g5 hxg5 55. Kf5 Rd6 56. Kxg5 Rd3 57. Bf4 Rxc3 58. Be5 Rc4 0-1

[Event "Wch U20 Girls 30th"]
[Site "Athens"]
[Date "2012.08.05"]
[Round "4"]
[White "Wang, Jue"]
[Black "Orozco Lopez, Lina Yomayra"]
[Result "1-0"]
[WhiteElo "2355"]
[BlackElo "2150"]
[PlyCount "55"]
[EventDate "2012.08.02"]
[EventType "swiss"]
[EventRounds "13"]
[EventCountry "GRE"]
[SourceTitle "CBM 149 Extra"]
[Source "ChessBase"]
[SourceDate "2012.08.24"]
[SourceVersion "1"]
[SourceVersionDate "2012.08.24"]
[SourceQuality "1"]

1. e4 c5 2. Nf3 d6 3. c3 Nf6 4. Be2 Bd7 5. Qc2 Bc6 6. d3 g6 7. Nbd2 e5 8. d4 cxd4 9. cxd4 exd4 10. Nxd4 Bg7 11. 0-0 0-0 12. Re1 d5 13. e5 Ne4 14. N2f3 Nd7 15. Bf4 Ndc5 16. Rad1 Rc8 17. Nxc6 bxc6 18. b4 Ne6 19. Be3 Qe7 20. Qb3 Rb8 21. b5 Nc7 22. Nd4 Rxb5 23. Nxc6 Qd7 24. Bxb5 Nxb5 25. Qxb5 Nc3 26. Qc5 Nxd1 27. Rxd1 Qg4 28. Qxd5 1-0

[Event "Wch U20 Girls 30th"]
[Site "Athens"]
[Date "2012.08.03"]
[Round "2"]
[White "Bulmaga, Irina"]
[Black "Orozco Lopez, Lina Yomayra"]
[Result "1-0"]
[WhiteElo "2380"]
[BlackElo "2150"]
[PlyCount "53"]
[EventDate "2012.08.02"]
[EventType "swiss"]
[EventRounds "13"]
[EventCountry "GRE"]
[SourceTitle "CBM 149 Extra"]
[Source "ChessBase"]
[SourceDate "2012.08.24"]
[SourceVersion "1"]
[SourceVersionDate "2012.08.24"]
[SourceQuality "1"]

1. e4 c5 2. Nf3 d6 3. d4 cxd4 4. Nxd4 Nf6 5. Nc3 a6 6. Be3 e5 7. Nb3 Be6 8. f3 h5 9. Qd2 Nbd7 10. 0-0-0 Qc7 11. Kb1 Be7 12. Nd5 Bxd5 13. exd5 b5 14. Na5 Rc8 15. c4 Nb6 16. Rc1 Nfd7 17. Bd3 Nxc4 18. Bxc4 bxc4 19. Rxc4 Qb8 20. Rxc8+ Qxc8 21. Rc1 Qa8 22. Nc6 f6 23. f4 e4 24. Qd4 Nc5 25. Rxc5 dxc5 26. Qxe4 Qb7 27. Bxc5 1-0

[Event "COL-ch (Women)"]
[Site "El Bagre"]
[Date "2012.06.02"]
[Round "1"]
[White "Franco Valencia, Angela Maria"]
[Black "Orozco Lopez, Lina Yomayra"]
[Result "1-0"]
[WhiteElo "2133"]
[BlackElo "2166"]
[PlyCount "32"]
[EventDate "2012.06.02"]
[EventType "tourn"]
[EventRounds "11"]
[EventCountry "COL"]
[SourceTitle "EXT 2014"]
[Source "ChessBase"]
[SourceDate "2013.11.20"]
[SourceVersion "1"]
[SourceVersionDate "2013.11.20"]
[SourceQuality "1"]

1. e4 c5 2. Nf3 d6 3. d4 cxd4 4. Nxd4 Nf6 5. Nc3 a6 6. Be2 e5 7. Nb3 Be6 8. f4 exf4 9. Bxf4 Nc6 10. g4 Nxg4 11. Qd2 h5 12. 0-0-0 Nce5 13. Kb1 g5 14. Bg3 Rc8 15. Nd4 Nc4 16. Bxc4 Rxc4 1-0